Philippine History - Trivia Quiz - Statistics

General Stats
  • This quiz has been taken 2,866 times
  • The average score is 12 of 15
Answer Stats
Question Answer % Correct
Who is the leader of the Katipunan? Andres Bonifacio
94%
What are the books Jose Rizal wrote? El Filibusterismo and Noli me Tangere
94%
What is Jose Rizal's full name? Jose Protacio Rizal Mercado y Alonzo Realonda
92%
Who discovered the Philippines? Ferdinand Magellan
91%
Who is the first Philippine President? Emilio F. Aguinaldo
88%
When did the Philippines gained independence from Spain? June 12, 1898
87%
What represents the each ray of the Sun in the Philippine Flag? The provinces who revolted against Spain during the Philippine Revolution
87%
How many years do Spain ruled the Philippines? 333 Years
85%
Where did the battle between Ferdinand Magellan and Lapu-Lapu take place? Mactan, Cebu
84%
Which Filipino won the Miss Universe 1969? Gloria Diaz
77%
What place in the Philippines where Joze Rizal executed? Manila
64%
Which person is known as, "The Brains of Katipunan' Emilio Jacinto
61%
How many years did Ferdinand Marcos ruled the Philippines? 21 Years
60%
Where was Jose Rizal exiled? Dapitan, Zamboanga del Norte
49%
Who is the 8th Philippine President? Carlos Garcia
37%
No matching quizzes found
Score Distribution
Percent of People with Each Score
Percentile by Number Answered
Your Score History
You have not taken this quiz